000 01151cam a2200349 a 4500
999 _c23338
_d23338
001 vtls011134698
005 20221003083821.0
008 181130s2015 xo g 000 f slo
020 _a9788055144023
_q(viaz.)
035 _aurn:nbn:sk:snk-am00b1ak
035 _aurn:nbn:sk:snk-am3h8ef
035 _aAFA7F419-150E-48A0-BABB-9D8E067CA5A5
040 _aPPPK
_bslo
_cPPPK
_dSNK
_eAACR2
041 1 _aslo
_hswe
044 _axo
_cSK
072 7 _a821.11
_xGermánske literatúry
_2konspekt
080 _a821.113.6-312.4
_22011
080 _a(0:82-312.4)
_22001
100 1 _aRoslund, Anders,
_d1961-
_92400
240 1 0 _aBjörndansen
_lSlovensky
245 1 0 _aMade in Sweden
_cAnders Roslund a Stefan Thunberg ; preložila Jana Melichárková
260 _aBratislava
_bIkar
_c2015
300 _a661 s.
_c24 cm
655 7 _ašvédske romány
_2SNKPH
_91715
655 7 _adetektívne romány
_2SNKPH
_91710
655 7 _aSwedish fiction
_2SNKPHeng
_91716
655 7 _aDetective novels
_2SNKPHeng
_91711
700 1 _aThunberg, Stephan
_4aut
_93370
700 1 _aMelichárková, Jana
_c(prekladateľka)
_4trl
_92527
958 _aLX
958 _aUP